000 01152nam a22002177a 4500
001 114302
003 DR-UNIBE
005 20260119152159.0
008 260116b2008 mx ||||| |||| 00| 0 spa d
020 _a9786071100085
040 _aBIBLIOTECA UNIBE
_cBIBLIOTECA UNIBE
_erda
041 _aspa
082 _a 363.1 B961s
100 _aBurleigh, Michael
_9201632
_eautor
245 1 0 _aSangre y rabia :
_buna historia cultural del terrorismo /
_cMichael Burleigh
260 _aBarcelona :
_bTaurus,
_c2013
300 _a736 páginas :
_bilustraciones
505 _aCapítulo 1. Verde: los dinamiteros fenianos | Capítulo 2. Rojo: nihilistas y revolucionarios rusos | Capítulo 3. Negro: los anarquistas y el terrorismo | Capítulo 4. Muerte al sol: terrorismo y descolonización | Capítulo 5. Llamar la atención: septiembre negro y el terrorismo internacional | Capítulo 6. Jóvenes blancos y culpables: las brigadas rojas Y la facción del ejército rojo | Capítulo 7. El terror en los países pequeños | Capítulo 8. Rabia mundial: terrorismo islámico |
650 7 _2lemb
_aTerrorismo
942 _2ddc
_cBK
999 _c114302
_d114302